The Austrian view and value co-creation process in solution-oriented firms : (Record no. 18339)
[ view plain ]
| 000 -LEADER | |
|---|---|
| fixed length control field | 01141nam a22002657a 4500 |
| 003 - CONTROL NUMBER IDENTIFIER | |
| control field | OSt |
| 005 - DATE AND TIME OF LATEST TRANSACTION | |
| control field | 20250909143748.0 |
| 008 - FIXED-LENGTH DATA ELEMENTS--GENERAL INFORMATION | |
| fixed length control field | 231017b ||||| |||| 00| 0 eng d |
| 040 ## - CATALOGING SOURCE | |
| Transcribing agency | 0 |
| 082 ## - DEWEY DECIMAL CLASSIFICATION NUMBER | |
| Classification number | DPer 658.8005 J826 Winter-Fall 2020 v. 28 n. 1-4 |
| 100 ## - MAIN ENTRY--PERSONAL NAME | |
| Personal name | Plouffe, Christopher R. |
| Relator term | author. |
| 9 (RLIN) | 49616 |
| 245 ## - TITLE STATEMENT | |
| Title | The Austrian view and value co-creation process in solution-oriented firms : |
| Remainder of title | a seven stage, "solution prototyping" framework / |
| Statement of responsibility, etc. | Christopher R. Plouffe, Duane Nagel, Leff Bonney, Bryan Hochstein, and Jim Salas. |
| 260 ## - PUBLICATION, DISTRIBUTION, ETC. (IMPRINT) | |
| Place of publication, distribution, etc. | Philadelphia ; |
| Name of publisher, distributor, etc. | Taylor & Francis Group , |
| Date of publication, distribution, etc. | Winter 2020. |
| 300 ## - PHYSICAL DESCRIPTION | |
| Extent | Volume 28, pages 79-97 : |
| Other physical details | illustration ; |
| Dimensions | 28 cm. |
| 500 ## - GENERAL NOTE | |
| General note | Journal of Marketing Theory and Practice, vol. 28, no. 1, pages 79-97, Winter 2020. |
| 650 ## - SUBJECT ADDED ENTRY--TOPICAL TERM | |
| Topical term or geographic name as entry element | Business enterprises. |
| 9 (RLIN) | 49617 |
| 650 ## - SUBJECT ADDED ENTRY--TOPICAL TERM | |
| Topical term or geographic name as entry element | Strategy. |
| 9 (RLIN) | 18422 |
| 650 ## - SUBJECT ADDED ENTRY--TOPICAL TERM | |
| Topical term or geographic name as entry element | Marketing. |
| 9 (RLIN) | 49618 |
| 700 ## - ADDED ENTRY--PERSONAL NAME | |
| Personal name | Plouffe, Christopher R. |
| Relator term | author. |
| 9 (RLIN) | 49616 |
| 700 ## - ADDED ENTRY--PERSONAL NAME | |
| Personal name | Nagel, Duane. |
| Relator term | author. |
| 9 (RLIN) | 49619 |
| 700 ## - ADDED ENTRY--PERSONAL NAME | |
| Personal name | Bonney, Leff. |
| Relator term | author. |
| 9 (RLIN) | 49620 |
| 700 ## - ADDED ENTRY--PERSONAL NAME | |
| Personal name | Hochstein, Bryan. |
| Relator term | author. |
| 9 (RLIN) | 49621 |
| 700 ## - ADDED ENTRY--PERSONAL NAME | |
| Personal name | Salas, Jim. |
| Relator term | author. |
| 9 (RLIN) | 49622 |
| 942 ## - ADDED ENTRY ELEMENTS (KOHA) | |
| Source of classification or shelving scheme | Dewey Decimal Classification |
| Koha item type | Periodicals |
| Withdrawn status | Lost status | Source of classification or shelving scheme | Damaged status | Not for loan | Collection code | Home library | Current library | Date acquired | Total Checkouts | Full call number | Date last seen | Price effective from | Koha item type | Public note |
|---|---|---|---|---|---|---|---|---|---|---|---|---|---|---|
| Dewey Decimal Classification | Periodicals | UM Digos College - LIC | UM Digos College - LIC | 10/17/2023 | DPer 658.8005 J826 Winter-Fall 2020 v. 29 n. 1-4 | 10/17/2023 | 10/17/2023 | Periodicals | Periodical Article |
